Statistics for Countries with Nando's location

Click here to take the quiz!

General Stats

  • This quiz has been taken 14 times
  • The average score is 13 of 20

Answer Stats

Number of RestaurantsCountry% Correct
465United Kingdom
100%
45United States
100%
141Australia
85%
11India
85%
294South Africa
85%
29Canada
77%
13Ireland
77%
20New Zealand
77%
76Malaysia
62%
12Pakistan
62%
8Qatar
62%
11Saudi Arabia
62%
6Singapore
62%
21United Arab Emirates
62%
6Bahrain
54%
20Botswana
54%
4Eswatini
38%
14Zimbabwe
38%
10Zambia
31%
4Mauritius
23%

Score Distribution

Percentile by Number Answered

Percent of People with Each Score

Your Score History

You have not taken this quiz